| 000 | 00570nam a22001817a 4500 | ||
|---|---|---|---|
| 005 | 20250817145125.0 | ||
| 008 | 250817b |||||||| |||| 00| 0 eng d | ||
| 020 | _a9788174364074 | ||
| 040 | _cVITAP | ||
| 082 |
_223rd Ed. _a923 KUR |
||
| 100 |
_aKurien, Verghese _916186 |
||
| 245 |
_aI Too Had a Dream _c/ Verghese Kurien |
||
| 260 |
_aNew Delhi _bThe Lotus Collection An Imprint of Roli Books Pvt. Ltd. _c2022 |
||
| 300 | _aXIV, 249p. : ill. ; 22cm | ||
| 500 | _aIt includes Index Pages. | ||
| 650 | 0 |
_aBiographies of notable individuals _916187 |
|
| 942 |
_2ddc _cREF |
||
| 999 |
_c46893 _d46893 |
||